000 00306nam a2200121Ia 4500
008 150201s2008 xx 000 0 und d
082 _a618.92
_bP08R
100 _aROUND,JONATHAN
245 _aCLINICAL CASES UNCOVERD PAEDIATRIC
260 _bWILEY
_aBLACKWELL
_c2008
650 _aPAEDIATRICS
942 _2ddc
_cBK
999 _c854
_d854